Las Centralidades de Lima Metropolitana en el siglo XXI : (Registro nro. 61608)
[ vista simple ]
| 000 -LEADER | |
|---|---|
| campo de control de longitud fija | 01940nam a22003977a 4500 |
| 003 - IDENTIFICADOR DE NÚMERO DE CONTROL | |
| campo de control | PE-LiUPU |
| 005 - FECHA Y HORA DE LA ÚLTIMA TRANSACCIÓN | |
| campo de control | 20250731183446.0 |
| 008 - DATOS DE LONGITUD FIJA--INFORMACIÓN GENERAL | |
| campo de control de longitud fija | 221115b |||||||| |||| 00| 0 eng d |
| 020 ## - NÚMERO INTERNACIONAL ESTÁNDAR DEL LIBRO | |
| Número Internacional Estándar del Libro | 9786123174842 |
| 040 ## - FUENTE DE CATALOGACIÓN | |
| Centro catalogador/agencia de origen | PE-LiUPU |
| Lengua de catalogación | spa |
| Centro/agencia transcriptor | PE-LiUPU |
| Normas de descripción | rda |
| 082 ## - NÚMERO DE LA CLASIFICACIÓN DECIMAL DEWEY | |
| Número de clasificación | 711.4098521 |
| Cutter | V422l |
| 100 ## - ENTRADA PRINCIPAL--NOMBRE DE PERSONA | |
| 9 (RLIN) | 535 |
| Nombre de persona | Vega Centeno, Pablo |
| Término indicativo de función/relación | Autor. |
| 245 ## - MENCIÓN DEL TÍTULO | |
| Título | Las Centralidades de Lima Metropolitana en el siglo XXI : |
| Resto del título | Una aproximación empírica / |
| Mención de responsabilidad, etc. | Plablo Vega Centeno, Manuel Dammert Guardia, Paola Moschellla, Marta Vilela, Viktor Bensús, Graciela Fernandez de Cordova, Omar Pereyra |
| 250 ## - MENCION DE EDICION | |
| Mención de edición | 1a Edición. |
| 264 ## - PRODUCCIÓN, PUBLICACIÓN, DISTRIBUCIÓN, FABRICACIÓN Y COPYRIGHT | |
| Producción, publicación, distribución, fabricación y copyright | Lima, Peru : |
| Nombre del de productor, editor, distribuidor, fabricante | Fondo Editorial Pontificia Universidad Catolica del Peru. |
| Fecha de producción, publicación, distribución, fabricación o copyright | 2019. |
| 300 ## - DESCRIPCIÓN FÍSICA | |
| Extensión | 189 páginas : |
| Otras características físicas | ilustraciones ; |
| Dimensiones | 27 centímetros |
| 505 ## - NOTA DE CONTENIDO CON FORMATO | |
| Nota de contenido con formato | La centralidades en la estructura metropolitana -- Los centros urbanos en la planificación de Lima -- El policentrismo en Lima desde la movilidad y diversidad funcional -- Estudio de casos -- Centro, centralidad y acceso a la ciudad. |
| 526 ## - NOTA DE INFORMACIÓN SOBRE EL PROGRAMA DE ESTUDIO | |
| Nombre del programa | Maestría Bim Facility Management (A distancia) |
| 526 ## - NOTA DE INFORMACIÓN SOBRE EL PROGRAMA DE ESTUDIO | |
| Nombre del programa | |
| 526 ## - NOTA DE INFORMACIÓN SOBRE EL PROGRAMA DE ESTUDIO | |
| Nombre del programa | Educación musical y artes |
| 526 ## - NOTA DE INFORMACIÓN SOBRE EL PROGRAMA DE ESTUDIO | |
| Nombre del programa | Educación, especialidad educación física |
| 526 ## - NOTA DE INFORMACIÓN SOBRE EL PROGRAMA DE ESTUDIO | |
| Nombre del programa | Arquitectura |
| 650 #0 - PUNTO DE ACCESO ADICIONAL DE MATERIA--TÉRMINO DE MATERIA | |
| Término de materia o nombre geográfico como elemento de entrada | Urbanismo |
| Subdivisión general | Investigación |
| Subdivisión geográfica | Perú |
| -- | Área de Lima Metropolitana. |
| 9 (RLIN) | 536 |
| 650 #0 - PUNTO DE ACCESO ADICIONAL DE MATERIA--TÉRMINO DE MATERIA | |
| 9 (RLIN) | 537 |
| Término de materia o nombre geográfico como elemento de entrada | Distribución de espacios (Viviendas) |
| Subdivisión geográfica | Perú. |
| -- | Área de Lima Metropolitana. |
| 650 #0 - PUNTO DE ACCESO ADICIONAL DE MATERIA--TÉRMINO DE MATERIA | |
| 9 (RLIN) | 538 |
| Término de materia o nombre geográfico como elemento de entrada | Desarrollo urbano |
| Subdivisión geográfica | Perú. |
| -- | Área de Lima Metropolitana. |
| 650 #0 - PUNTO DE ACCESO ADICIONAL DE MATERIA--TÉRMINO DE MATERIA | |
| 9 (RLIN) | 539 |
| Término de materia o nombre geográfico como elemento de entrada | Sociología urbana |
| Subdivisión geográfica | Perú. |
| -- | Área de Lima Metropolitana. |
| 700 ## - ENTRADA AGREGADA--NOMBRE PERSONAL | |
| 9 (RLIN) | 540 |
| Nombre de persona | Dammert Guardia, Manuel |
| Término indicativo de función/relación | Autor. |
| 700 ## - ENTRADA AGREGADA--NOMBRE PERSONAL | |
| 9 (RLIN) | 541 |
| Nombre de persona | Moschella, Paola |
| Término indicativo de función/relación | Autor. |
| 700 ## - ENTRADA AGREGADA--NOMBRE PERSONAL | |
| 9 (RLIN) | 542 |
| Nombre de persona | Vilela, Marta |
| Término indicativo de función/relación | Autor. |
| 700 ## - ENTRADA AGREGADA--NOMBRE PERSONAL | |
| 9 (RLIN) | 543 |
| Nombre de persona | Bensús, Viktor |
| Término indicativo de función/relación | Autor. |
| 700 ## - ENTRADA AGREGADA--NOMBRE PERSONAL | |
| 9 (RLIN) | 544 |
| Nombre de persona | Fernández de Córdoba, Graciela |
| Término indicativo de función/relación | Autor. |
| 700 ## - ENTRADA AGREGADA--NOMBRE PERSONAL | |
| 9 (RLIN) | 545 |
| Nombre de persona | Pereyra, Omar |
| Término indicativo de función/relación | Autor. |
| 710 ## - ENTRADA AGREGADA--NOMBRE DE ENTIDAD CORPORATIVA | |
| 9 (RLIN) | 546 |
| Nombre de entidad corporativa o nombre de jurisdicción como elemento de entrada | Pontificia Universidad Católica del Perú |
| Término indicativo de función/relación | Autor. |
| 942 ## - ELEMENTOS DE ENTRADA SECUNDARIOS (KOHA) | |
| Fuente del sistema de clasificación o colocación | Clasificación Decimal Dewey |
| Tipo de ítem Koha | |
| Suprimir en OPAC | No |
| 980 ## - EQUIVALENCIA O REFERENCIA-CRUZADA-MENCIÓN DE SERIE--NOMBRE DE PERSONA/TÍTULO [LOCAL, CANADÁ] | |
| ID del usuario creador del registro | 22041 |
| Nombre del creador del registro | ELI VALDERRAMA Analista Documental |
| ID del último usuario que modificó el registro | 1 |
| Nombre del último usuario que modificó el registro | ALBERTO SANCHEZ Responsable de Automatización |
| Visto por última vez | Número de inventario | Total de préstamos | Signatura topográfica completa | Código de barras | Fecha del último préstamo | Copia número | Coste, precio de reemplazo | Fecha de reemplazo | Facultad | Tipo de ítem Koha | Nota pública | Estado de pérdida | Fuente del sistema de clasificación o colocación | Restricciones de uso | No para préstamo | Colección | Programa académico | Biblioteca de origen | Biblioteca actual | Ubicación en estantería | Fecha de adquisición | Fuente de adquisición | Coste, precio normal de compra |
|---|---|---|---|---|---|---|---|---|---|---|---|---|---|---|---|---|---|---|---|---|---|---|---|
| 2025-12-03 | 1 | 2 | 711.4098521 V422l | 81166 | 2024-04-28 | e1 | 28.10 | 2022-11-15 | FIA | Libros físicos | inventario-2023-12-13 | No Perdido | Clasificación Decimal Dewey | No restringido | Disponible para préstamos | Colección General | Arquitectura | Biblioteca CRAI UPeU Lima | Biblioteca CRAI UPeU Lima | Sala principal | 2022-11-15 | PUCP | 23.10 |